| 000 | 00541nam a22001937a 4500 | ||
|---|---|---|---|
| 003 | KOHA_MİRAKIL | ||
| 005 | 20251221154004.0 | ||
| 008 | 251221b tu ||||| |||| 00| 0 tur d | ||
| 020 | _a9786054646098 | ||
| 040 |
_aTR-AnABB _btur _cTR-AnABB |
||
| 041 | _atur | ||
| 082 |
_a956.1015 _bFAT 2012 |
||
| 100 | 1 | _aFatma Aliye | |
| 245 | 1 | 0 |
_aKosova zaferi Ankara hezimeti / _cFatma Aliye |
| 260 |
_aİstanbul : _bKesit Yayınları, _c2012 |
||
| 300 |
_a172 sayfa ; _c21 cm |
||
| 650 | 0 | 4 | _aOsmanlı İmparatorluğu |
| 942 |
_2ddc _cBK |
||
| 999 |
_c9855 _d9855 |
||
| 900 | _bGizem YORULMAZ | ||